Statistics for Best MLB Baseball Seasons of All-Time

Click here to take the quiz!

General Stats

  • This quiz has been taken 1,162 times
    (936 since last reset)
  • The average score is 37 of 55

Answer Stats

WARYearTeamPosPlayer% Correct
14.11923NYYOFBabe Ruth
99%
11.81920NYYOFBabe Ruth
99%
12.51921NYYOFBabe Ruth
99%
10.51930NYYOFBabe Ruth
99%
12.41927NYYOFBabe Ruth
99%
11.51926NYYOFBabe Ruth
99%
11.71924NYYOFBabe Ruth
99%
10.62004SFOFBarry Bonds
91%
11.82002SFOFBarry Bonds
91%
11.92001SFOFBarry Bonds
91%
10.62022NYYOFAaron Judge
87%
10.52012LAAOFMike Trout
87%
10.52016LAAOFMike Trout
87%
10.81944DETPDizzy Trout
86%
10.51961NYYOFMickey Mantle
86%
11.31956NYYOFMickey Mantle
86%
11.31957NYYOFMickey Mantle
86%
10.52002ARIPRandy Johnson
83%
10.61942BOSLFTed Williams
82%
10.61941BOSLFTed Williams
82%
10.91946BOSLFTed Williams
82%
11.01964SFOFWillie Mays
82%
10.61963SFOFWillie Mays
82%
10.51962SFOFWillie Mays
82%
11.21965SFOFWillie Mays
82%
10.61954NYGOFWillie Mays
82%
11.81927NYY1BLou Gehrig
79%
11.51991BALSSCal Ripken
76%
10.92018BOSOFMookie Betts
73%
11.72000BOSPPedro Martinez
72%
11.01973NYMPTom Seaver
72%
10.91971NYMPTom Seaver
72%
11.31969STLPBob Gibson
70%
11.91968STLPBob Gibson
70%
10.51968BOSOFCarl Yastrzemski
69%
12.51967BOSOFCarl Yastrzemski
69%
11.11948STLOFStan Musial
68%
12.11997TORPRoger Clemens
63%
10.51982MILSSRobin Yount
62%
13.31985NYMPDwight Gooden
61%
11.01975CIN2BJoe Morgan
55%
12.51972PHIPSteve Carlton
50%
10.81921STL2BRogers Hornsby
44%
12.11924STL2BRogers Hornsby
44%
10.51932PHA1BJimmie Foxx
42%
11.81971CHCPFergie Jenkins
34%
10.51965SFPJuan Marichal
34%
10.71936BOSPLefty Grove
25%
12.01945DETPHal Newhouser
21%
11.01972CLEPGaylord Perry
19%
12.61920CHCPPete Alexander
18%
11.01971CHWPWilbur Wood
18%
10.61935BOSPWes Ferrell
3%
11.01921CHWPRed Faber
2%
10.71923CINPDolf Luque
1%

Score Distribution

Percentile by Number Answered

Percent of People with Each Score

Your Score History

You have not taken this quiz since the last reset